[Event "Titled Tuesday intern op 19th Dec Early"]
[Site "Chess.com INT"]
[Date "2023.12.19"]
[Round "1"]
[White "Ozates, Tuna"]
[Black "Hartikainen, Jarmo"]
[Result "1/2-1/2"]
[WhiteElo "2309"]
[BlackElo "2101"]
[PlyCount "76"]
[EventDate "2023.12.19"]
[EventType "swiss (blitz)"]
[EventRounds "11"]
[EventCountry "USA"]
[SourceTitle "CB52_2023"]
[SourceDate "2023.12.27"]
[SourceVersion "1"]
[SourceVersionDate "2023.12.27"]
[SourceQuality "1"]

1. e4 c5 2. c3 d5 3. exd5 Qxd5 4. d4 cxd4 5. cxd4 Nc6 6. Nf3 Bg4 7. Be2 e6 8. Nc3 Qa5 9. 0-0 Nf6 10. h3 Bh5 11. Re1 Be7 12. a3 0-0 13. Ne5 Bxe2 14. Rxe2 Rad8 15. Nxc6 bxc6 16. Be3 c5 17. Rd2 cxd4 18. Rxd4 Rxd4 19. Qxd4 Rd8 20. Qxa7 Qxa7 21. Bxa7 Rd2 22. b4 h5 23. b5 Rd3 24. Na4 Rxa3 25. Rxa3 Bxa3 26. b6 Bd6 27. b7 Nd7 28. Nb6 Nxb6 29. Bxb6 Bb8 30. g3 Kf8 31. f4 f6 32. Kf2 Ke8 33. Kf3 Kd7 34. Bc5 Kc6 35. Bf8 g6 36. Bg7 f5 37. Be5 Kxb7 38. h4 Ba7 1/2-1/2

[Event "Titled Tuesday intern op 14th Nov Early"]
[Site "Chess.com INT"]
[Date "2023.11.14"]
[Round "4"]
[White "Hartikainen, Jarmo"]
[Black "Devaev, Alexander"]
[Result "0-1"]
[WhiteElo "2101"]
[BlackElo "2325"]
[PlyCount "60"]
[EventDate "2023.11.14"]
[EventType "swiss (blitz)"]
[EventRounds "11"]
[EventCountry "USA"]
[SourceTitle "CB47_2023"]
[SourceDate "2023.11.22"]
[SourceVersion "1"]
[SourceVersionDate "2023.11.22"]
[SourceQuality "1"]

1. e4 c6 2. d4 d5 3. Nc3 dxe4 4. Nxe4 Bf5 5. Ng3 Bg6 6. h4 h6 7. Bc4 e6 8. N1e2 Bd6 9. Nf4 Bxf4 10. Bxf4 Nf6 11. h5 Bh7 12. c3 Nbd7 13. Bd3 Bxd3 14. Qxd3 0-0 15. 0-0-0 a5 16. f3 b5 17. Ne4 Nxe4 18. fxe4 b4 19. c4 a4 20. g4 a3 21. b3 Qe7 22. c5 e5 23. Be3 Rfd8 24. g5 exd4 25. Qxd4 Ne5 26. Qa1 Nd3+ 27. Rxd3 Rxd3 28. gxh6 Rc3+ 29. Kd1 Qxe4 30. Bd2 Qxh1+ 0-1

[Event "Titled Tuesday intern op 26th Sep Early"]
[Site "Chess.com INT"]
[Date "2023.09.26"]
[Round "4"]
[White "Hartikainen, Jarmo"]
[Black "Vedder, Richard"]
[Result "0-1"]
[WhiteElo "2108"]
[BlackElo "2260"]
[PlyCount "120"]
[EventDate "2023.09.26"]
[EventType "swiss (blitz)"]
[EventRounds "11"]
[EventCountry "USA"]
[SourceTitle "EXT 2024"]
[Source "ChessBase"]
[SourceDate "2023.10.10"]
[SourceVersion "1"]
[SourceVersionDate "2023.10.10"]
[SourceQuality "1"]

1. e4 e5 2. Nf3 Nc6 3. Bc4 Nf6 4. d3 h6 5. c3 d6 6. h3 g6 7. 0-0 Bg7 8. Re1 0-0 9. Nbd2 Be6 10. Bxe6 fxe6 11. Qb3 Qc8 12. d4 exd4 13. cxd4 d5 14. exd5 exd5 15. Ne5 Nxd4 16. Qd3 c5 17. Nxg6 Re8 18. Ne7+ Rxe7 19. Rxe7 Qf8 20. Rxb7 Re8 21. Nf3 Nxf3+ 22. Qxf3 Re1+ 23. Kh2 Ne4 24. Qxf8+ Bxf8 25. Rb8 Re2 26. Bxh6 Rxf2 27. Rxf8+ Rxf8 28. Bxf8 Kxf8 29. Rf1+ Ke7 30. h4 d4 31. h5 Ng5 32. h6 d3 33. Kg3 c4 34. Kg4 Nh7 35. Rf4 Nf6+ 36. Kg5 Nd5 37. h7 Nxf4 38. h8Q Ne6+ 39. Kf5 Kd7 40. Qh6 Nd4+ 41. Ke4 Ne2 42. Qh3+ Kd6 43. Qh6+ Kc5 44. g4 Ng3+ 45. Ke3 Kd5 46. Kd2 Ne4+ 47. Ke1 Kd4 48. g5 c3 49. bxc3+ Kxc3 50. Qg7+ Kc2 51. Qc7+ Nc3 52. Qxc3+ Kxc3 53. g6 Kc2 54. g7 d2+ 55. Kf2 d1Q 56. g8Q Qd4+ 57. Kf3 Qd3+ 58. Kf2 a6 59. Qg7 Kb1 60. a4 Qc2+ 0-1

[Event "Titled Tuesday intern op 26th Sep Late"]
[Site "Chess.com INT"]
[Date "2023.09.26"]
[Round "3"]
[White "Marcziter, Dmitrii"]
[Black "Hartikainen, Jarmo"]
[Result "0-1"]
[WhiteElo "2236"]
[BlackElo "2108"]
[PlyCount "64"]
[EventDate "2023.09.26"]
[EventType "swiss (blitz)"]
[EventRounds "11"]
[EventCountry "USA"]
[SourceTitle "EXT 2024"]
[Source "ChessBase"]
[SourceDate "2023.10.10"]
[SourceVersion "1"]
[SourceVersionDate "2023.10.10"]
[SourceQuality "1"]

1. e4 c5 2. Nc3 e6 3. g3 Nc6 4. Bg2 Nf6 5. d3 Be7 6. f4 d6 7. Nf3 Qc7 8. 0-0 a6 9. a4 Rb8 10. h3 b5 11. axb5 axb5 12. g4 b4 13. Ne2 d5 14. Ng3 dxe4 15. dxe4 Nd4 16. c3 bxc3 17. bxc3 Nb3 18. Rb1 Nxc1 19. Rxb8 Qxb8 20. Qxc1 Bb7 21. Qe3 0-0 22. g5 Nd7 23. Rd1 Rd8 24. Rb1 Qc7 25. Nh5 c4 26. Kh1 Bc5 27. Qc1 Bxe4 28. Ra1 Qc6 29. Qf1 g6 30. Nf6+ Nxf6 31. gxf6 Rd3 32. Ne5 Rxh3# 0-1

[Event "Titled Tuesday intern op 19th Sep Early"]
[Site "Chess.com INT"]
[Date "2023.09.19"]
[Round "4"]
[White "Bogaudinov, Rushan"]
[Black "Hartikainen, Jarmo"]
[Result "1-0"]
[WhiteElo "1853"]
[BlackElo "2108"]
[PlyCount "109"]
[EventDate "2023.09.19"]
[EventType "swiss (blitz)"]
[EventRounds "11"]
[EventCountry "USA"]
[SourceTitle "EXT 2024"]
[Source "ChessBase"]
[SourceDate "2023.10.10"]
[SourceVersion "1"]
[SourceVersionDate "2023.10.10"]
[SourceQuality "1"]

1. d4 d5 2. g3 g6 3. Bg2 Bg7 4. c3 Nf6 5. Bg5 Ne4 6. Be3 Nd7 7. Nd2 Ndf6 8. Ngf3 Ng4 9. Bf4 Ngxf2 10. Qa4+ Bd7 11. Qa5 c6 12. Qxd8+ Rxd8 13. Nxe4 Nxe4 14. 0-0 Bg4 15. h3 Bxf3 16. exf3 Nf6 17. g4 0-0 18. Rfe1 Rfe8 19. Kf2 Nd7 20. Bg5 f6 21. Be3 e5 22. dxe5 fxe5 23. Kg3 b6 24. a4 a5 25. f4 d4 26. Bd2 dxc3 27. Bxc3 exf4+ 28. Kxf4 Bxc3 29. bxc3 Nc5 30. Rxe8+ Rxe8 31. Bxc6 Nd3+ 32. Kg5 Re3 33. Bb5 Kg7 34. Bxd3 h6+ 35. Kf4 Rxd3 36. Rb1 Rxc3 37. Rxb6 Rc4+ 38. Ke5 Rxa4 39. Rb7+ Kf8 40. Kf6 Ke8 41. Kxg6 Ra3 42. h4 Ra4 43. Kh5 Rb4 44. Ra7 a4 45. Ra6 Kf7 46. Rxh6 a3 47. Ra6 Rb3 48. g5 Rg3 49. Ra7+ Kf8 50. Kg6 Rb3 51. h5 Rb6+ 52. Kh7 Rb5 53. Kh6 Rb6+ 54. g6 Rc6 55. Rxa3 1-0

[Event "Titled Tuesday intern op 19th Sep Early"]
[Site "Chess.com INT"]
[Date "2023.09.19"]
[Round "11"]
[White "Hartikainen, Jarmo"]
[Black "Carrasco Miranda, Andres"]
[Result "0-1"]
[WhiteElo "2108"]
[BlackElo "2241"]
[PlyCount "62"]
[EventDate "2023.09.19"]
[EventType "swiss (blitz)"]
[EventRounds "11"]
[EventCountry "USA"]
[SourceTitle "EXT 2024"]
[Source "ChessBase"]
[SourceDate "2023.10.10"]
[SourceVersion "1"]
[SourceVersionDate "2023.10.10"]
[SourceQuality "1"]

1. e4 e5 2. Nf3 Nc6 3. Bc4 Bc5 4. c3 Nf6 5. d4 exd4 6. b4 Be7 7. e5 Ne4 8. cxd4 Bxb4+ 9. Kf1 d5 10. exd6 Nxd6 11. Be2 0-0 12. Bg5 Qe8 13. h4 Bg4 14. h5 h6 15. Bd2 Ne4 16. Bxb4 Nxb4 17. Ne5 Bxe2+ 18. Qxe2 Nd6 19. a3 Nd5 20. Qf3 Qb5+ 21. Kg1 Qb2 22. Qxd5 Qxa1 23. Kh2 Rad8 24. Nd2 Qb2 25. Nef3 c6 26. Qa5 Qb6 27. Qc3 Nb5 28. Qc4 Nxd4 29. Nh4 Ne6 30. Rb1 Qxf2 31. Ne4 Qxh4+ 0-1

[Event "Titled Tuesday intern op 19th Sep Early"]
[Site "Chess.com INT"]
[Date "2023.09.19"]
[Round "9"]
[White "Hartikainen, Jarmo"]
[Black "Ivanov, Mike"]
[Result "0-1"]
[WhiteElo "2108"]
[BlackElo "2335"]
[PlyCount "120"]
[EventDate "2023.09.19"]
[EventType "swiss (blitz)"]
[EventRounds "11"]
[EventCountry "USA"]
[SourceTitle "EXT 2024"]
[Source "ChessBase"]
[SourceDate "2023.10.10"]
[SourceVersion "1"]
[SourceVersionDate "2023.10.10"]
[SourceQuality "1"]

1. e4 e6 2. d4 d5 3. Nd2 c5 4. Ngf3 Nc6 5. exd5 exd5 6. Bb5 cxd4 7. Nxd4 Bd7 8. N2b3 Bd6 9. Nf3 Nge7 10. Be3 Bg4 11. Be2 0-0 12. h3 Bh5 13. c3 b6 14. Qd2 Bc7 15. Nbd4 a6 16. Rd1 Na5 17. b3 Re8 18. 0-0 Qd6 19. g3 Qd7 20. Kg2 Nb7 21. Bf4 Nc5 22. Ng5 Bxe2 23. Nxe2 h6 24. Nf3 Ne4 25. Qc1 Rac8 26. Bxc7 Qxc7 27. Ned4 Qxc3 28. Qa3 a5 29. Ne5 Qb4 30. Qxb4 axb4 31. f3 Nc3 32. Rd2 Nf5 33. Kf2 Nxd4 34. Rxd4 Rxe5 35. Re1 Rxe1 36. Kxe1 Re8+ 37. Kd2 Re2+ 38. Kd3 Rf2 39. Rxb4 Rxf3+ 40. Kd4 Rxg3 41. Rxb6 Nxa2 42. Kxd5 Rxh3 43. b4 Rb3 44. b5 Rxb5+ 45. Rxb5 Nc3+ 46. Kc4 Nxb5 47. Kxb5 h5 48. Kc4 h4 49. Kd3 h3 50. Ke4 h2 51. Kf4 h1Q 52. Kg4 Qf1 53. Kg5 Kf8 54. Kg4 Ke7 55. Kg5 Ke6 56. Kg4 Kf6 57. Kg3 Kg5 58. Kh2 Qf3 59. Kg1 Qe2 60. Kh1 Kg4 0-1

[Event "Titled Tuesday intern op 19th Sep Early"]
[Site "Chess.com INT"]
[Date "2023.09.19"]
[Round "10"]
[White "Melikhov, Evgeny V"]
[Black "Hartikainen, Jarmo"]
[Result "1-0"]
[WhiteElo "2208"]
[BlackElo "2108"]
[PlyCount "123"]
[EventDate "2023.09.19"]
[EventType "swiss (blitz)"]
[EventRounds "11"]
[EventCountry "USA"]
[SourceTitle "EXT 2024"]
[Source "ChessBase"]
[SourceDate "2023.10.10"]
[SourceVersion "1"]
[SourceVersionDate "2023.10.10"]
[SourceQuality "1"]

1. d4 d5 2. c4 c5 3. cxd5 Qxd5 4. Nf3 cxd4 5. Nc3 Qd8 6. Nxd4 a6 7. g3 e5 8. Nb3 Qxd1+ 9. Nxd1 Bb4+ 10. Bd2 Bxd2+ 11. Nxd2 Nf6 12. Bg2 0-0 13. Nc3 Nc6 14. Bxc6 bxc6 15. f3 Be6 16. Kf2 Rab8 17. b3 Rfd8 18. Nde4 Nxe4+ 19. Nxe4 f5 20. Nc5 Kf7 21. Rhd1 a5 22. e4 g6 23. Ke3 Ke7 24. Rac1 Rd6 25. Rxd6 Kxd6 26. Nxe6 Kxe6 27. Rxc6+ Kd7 28. Ra6 Rb5 29. Ra7+ Ke6 30. Rxh7 a4 31. bxa4 Ra5 32. Rb7 Rxa4 33. Rb6+ Kf7 34. Rb2 Kf6 35. exf5 gxf5 36. h4 Ra3+ 37. Kf2 Ra4 38. Rb6+ Kf7 39. Rb2 Kg6 40. Kg2 Ra3 41. Re2 Kf6 42. g4 fxg4 43. fxg4 Ra4 44. Rf2+ Kg6 45. Kf3 Rf4+ 46. Kg3 Ra4 47. h5+ Kg7 48. Kh4 e4 49. Re2 Kf6 50. Rf2+ Ke5 51. h6 e3 52. Re2 Kf4 53. h7 Ra8 54. g5 Rh8 55. g6 Kf5 56. Kh5 Kf4 57. Kh6 Kf3 58. Rxe3+ Kxe3 59. g7 Ra8 60. g8Q Ra6+ 61. Qg6 Ra5 62. h8Q 1-0

[Event "Titled Tuesday intern op 19th Sep Early"]
[Site "Chess.com INT"]
[Date "2023.09.19"]
[Round "2"]
[White "Szyszylo, Rafal"]
[Black "Hartikainen, Jarmo"]
[Result "1-0"]
[WhiteElo "2074"]
[BlackElo "2108"]
[PlyCount "53"]
[EventDate "2023.09.19"]
[EventType "swiss (blitz)"]
[EventRounds "11"]
[EventCountry "USA"]
[SourceTitle "EXT 2024"]
[Source "ChessBase"]
[SourceDate "2023.10.10"]
[SourceVersion "1"]
[SourceVersionDate "2023.10.10"]
[SourceQuality "1"]

1. e4 c5 2. Nc3 e6 3. Nf3 d5 4. exd5 exd5 5. Bb5+ Nc6 6. d4 Nf6 7. 0-0 Be7 8. dxc5 0-0 9. Bxc6 bxc6 10. Nd4 Qc7 11. Na4 Rb8 12. b3 Ne4 13. Ba3 Bf6 14. f3 Ng5 15. c3 Ba6 16. Re1 Rfe8 17. Qd2 h6 18. Bb2 Be5 19. h3 Bf4 20. Qc2 Be3+ 21. Kh1 g6 22. h4 Qg3 23. Rxe3 Rxe3 24. hxg5 Re5 25. f4 Qxf4 26. Nf3 Re3 27. Bc1 1-0

[Event "Titled Tuesday intern op 12th Sep Early"]
[Site "Chess.com INT"]
[Date "2023.09.12"]
[Round "11"]
[White "Bogaudinov, Rushan"]
[Black "Hartikainen, Jarmo"]
[Result "1-0"]
[WhiteElo "1853"]
[BlackElo "2108"]
[PlyCount "59"]
[EventDate "2023.09.12"]
[EventType "swiss (blitz)"]
[EventRounds "11"]
[EventCountry "USA"]
[SourceTitle "EXT 2024"]
[Source "ChessBase"]
[SourceDate "2023.10.10"]
[SourceVersion "1"]
[SourceVersionDate "2023.10.10"]
[SourceQuality "1"]

1. b4 g6 2. Bb2 Nf6 3. e4 d6 4. f4 Bg7 5. e5 dxe5 6. fxe5 Ng4 7. Nf3 Nc6 8. Bb5 Bd7 9. d4 Ncxe5 10. Nxe5 Nxe5 11. dxe5 Bxb5 12. Qf3 Bc6 13. Qd3 Qxd3 14. cxd3 Bxg2 15. Rg1 Bc6 16. Nd2 0-0 17. Rc1 a5 18. a3 axb4 19. axb4 Ra2 20. Bc3 Rd8 21. Ke2 Bb5 22. Rg3 Rd5 23. Re3 Bh6 24. Rf3 Bxd2 25. Bxd2 Rxe5+ 26. Re3 Rxe3+ 27. Kxe3 Ra3 28. Rc3 Bc6 29. Rxa3 Kg7 30. Bc3+ 1-0